书目信息 |
| 题名: |
第五次中国近代建筑史研究讨论会论文集
|
|
| 作者: | 汪坦 , 张复合 主编 | |
| 分册: | ||
| 出版信息: | 北京 中国建筑工业出版社 1998.03 |
|
| 页数: | 210页 | |
| 开本: | 16开 | |
| 丛书名: | ||
| 单 册: | ||
| 中图分类: | TU-092.W , TU-092.5 | |
| 科图分类: | ||
| 主题词: | 建筑史 | |
| 电子资源: | ||
| ISBN: | 7-112-00419-5 | |
| 000 | 00714nam0 2200217 45 | |
| 001 | 0011251185 | |
| 005 | 20111107101322.16 | |
| 010 | @a7-112-00419-5@d19.00元 | |
| 100 | @a20001125d1998 km y0chiy0120 ea | |
| 101 | 0 | @achi |
| 105 | @a z 000yy | |
| 200 | 1 | @a第五次中国近代建筑史研究讨论会论文集@ADi Wu Ci Zhong Guo Jin Dai Jian Zhu Shi Yan Jiu Tao Lun Hui Lun Wen Ji@f汪坦,张复合主编@Fwang tan,zhang fu he zhu bian |
| 210 | @a北京@c中国建筑工业出版社@d1998.03 | |
| 215 | @a210页@d16开 | |
| 606 | 0 | @a建筑史 |
| 690 | @aTU-092.W@v3 | |
| 690 | @aTU-092.5@v4 | |
| 701 | 0 | @a汪坦@Awang tan@4主编 |
| 701 | 0 | @a张复合@Azhang fu he@4主编 |
| 801 | @aCN@bPftUser@c20001125 | |
| 905 | @b503509-513@dTU-092.5@eW075@f5 | |
| 第五次中国近代建筑史研究讨论会论文集/汪坦,张复合主编.-北京:中国建筑工业出版社,1998.03 |
| 210页;16开 |
| ISBN 7-112-00419-5:19.00元 |
| ● |
| 相关链接 |
|
|
|
正题名:第五次中国近代建筑史研究讨论会论文集
索取号:TU-092.5/W075
 
预约/预借
| 序号 | 登录号 | 条形码 | 馆藏地/架位号 | 状态 | 备注 |
| 1 | 503509 | 205035095 | 建筑与城市规划学院资料室/101建筑库 108排3列6层/ [索取号:TU-092.5/W075] | 在馆 | |
| 2 | 503510 | 205035102 | 建筑库101/101建筑库 5排4列1层/ [索取号:TU-092.5/W075] | 在馆 | |
| 3 | 503511 | 205035111 | 建筑与城市规划学院资料室/101建筑库 108排3列6层/ [索取号:TU-092.5/W075] | 在馆 | |
| 4 | 503512 | 205035120 | 自科二线404/404自科库 23排2列2层/ [索取号:TU-092.5/W075] | 在馆 | |
| 5 | 503513 | 205035139 | 建筑库101/101建筑库 7排4列4层/ [索取号:TU-092.5/W075] | 在馆 |